| 000 | 01053nam a22002177a 4500 | ||
|---|---|---|---|
| 003 | AM-YEHGA | ||
| 005 | 20260403152027.0 | ||
| 008 | 170913s1909 ru c||||r|||||000|0|rus|| | ||
| 040 | _aAM-YEHGA | ||
| 041 | 1 |
_arus _heng |
|
| 100 | 1 | _aМилль, Джон Стюарт | |
| 245 | 1 | 0 |
_aОснования политической экономии Д.С. Милля : _bС портретом переводчика 1859 г. / _cД.-С. Милля ; Пер. и примеч. Н.Г. Чернышевского. |
| 246 | _aОснования политической экономии Джона Стюарта Милля | ||
| 260 |
_aСанкт-Петербург : _bТип. М.М. Стасюлевича, _c1909. |
||
| 300 |
_a VI, [2], 664 с., 1 л. портр. ; _c 25 см. |
||
| 650 | 1 | 4 | _aЭкономика. Экономические науки |
| 650 | 1 | 4 | _aПолитическая экономия |
| 700 | 1 |
_aЧернышевский, Николай Гаврилович, _d1828-1889 _eпер. _4trl |
|
| 942 |
_2udc _cBK |
||
| 001 | 1323957 | ||
| 999 |
_c542085 _d542085 |
||